عرض عادي عرض مارك
  • الذكير ، فوزي أحمد

مدخل إسم شخص

عدد التسجيلات المستخدمة في: 1

001 - رقم الضبط

  • حقل الضبط: 36676

003 - معرف رقم الضبط

  • حقل الضبط: OSt

005 - تاريخ ووقت أخر عملية

  • حقل الضبط: 20130820134442.0

008 - عناصر بيانات ثابتة الطول

  • حقل تحكم ثابت الطول: 130820|||a|||||| | ||| d

040 ## - مصدر الفهرسة

  • هيئة الفهرسة الأصلية: OSt
  • وكالة الكتابة: OSt

100 ## - مدخل -- أسم شخص

  • إسم شخص: الذكير ، فوزي أحمد

670 ## - بيانات المصدر موجوده

  • الاستشهاد بالمصدر: Work cat.: (OSt): سمحان ، معرف عبدالرحمن 36674, رياضيات الألمبياد نظرية الأعداد :, 2011